| 000 | 00726nam a22002417a 4500 | ||
|---|---|---|---|
| 005 | 20170124110034.0 | ||
| 010 | _aA-823010 | ||
| 020 |
_a8170142008 _c90.00 |
||
| 035 | _aA-823010 | ||
| 037 | _bCen Lib/Ret | ||
| 040 |
_aDPL _bEN |
||
| 082 |
_a332.1 _bSUN |
||
| 100 |
_aSundaram, K.P.M. _9112898 |
||
| 245 |
_aBanking theory, law & practice / _cby K.P.M. Sundhram [and] P.N. Varhney |
||
| 250 | _a9th ed | ||
| 260 |
_aNew Delhi _bSulatan Chand & Sons _c1997 |
||
| 270 |
_a23, Daryaganj _bNew Delhi _e110002 |
||
| 300 |
_avarious pagings _c21cm(Hb) |
||
| 650 |
_aBanks and banking _9112899 |
||
| 650 |
_aBanks and banking _9112900 |
||
| 700 |
_aVarshney, P.N _99074 |
||
| 942 |
_2ddc _cEN _h332.1 _mSUN |
||
| 999 |
_c128091 _d128091 |
||